01685nam a22002777a 45000010005000000030006000050050017000110080041000280200018000690400029000870500015001160820011001311000022001422450050001642500035002142600052002493000045003015050008003465200891003545210020012455210020012656500019012856500025013046500037013297000041013665245FISKH20241121115141.0241121b cb ||||| |||| 00| 0 eng d a9781785996122 aFISKHbengcFISKHdFISKH aPS3511.A86 a813.52 aFaulkner, William aThe Sound and the Fury /cby William Faulkner aThis edition published in 2018 aLondon : bArcturus Publihing Limited ;c2018 . a281 pages : billustrations ; c21 cm .  aS  aThe Sound and the Fury is the tragedy of the Compson family, featuring some of the most memorable characters in literature: beautiful, rebellious Caddy; the manchild Benjy; haunted, neurotic Quentin; Jason, the brutal cynic; and Dilsey, their black servant. Their lives fragmented and harrowed by history and legacy, the character's voices and actions mesh to create what is arguably Faulkner's masterpiece and one of the greatest novels of the twentieth century. "I give you the mausoleum of all hope and desire. . . . I give it to you not that you may remember time, but that you might forget it now and then for a moment and not spend all of your breath trying to conquer it. Because no battle is ever won he said. They are not even fought. The field only reveals to man his own folly and despair, and victory is an illusion of philosophers and fools." --from The Sound and the Fury8 a800 bLexile 8 aS bRaz-Plus  anovelvfiction aMississippivfiction astream of consciousnessvfiction aAntolín Rato, Marianoetranslator